Introduction to Materials Science for Engineers / Sixth Edition (Record no. 3667)
[ view plain ]
| 000 -LEADER | |
|---|---|
| fixed length control field | 01152cam a22001934a 4500 |
| 005 - ΗΜΕΡΟΜΗΝΙΑ ΚΑΙ ΩΡΑ ΤΕΛΕΥΤΑΙΑΣ ΕΝΗΜΕΡΩΣΗΣ | |
| Πεδίο ελέγχου | 20250605164122.0 |
| 008 - FIXED-LENGTH DATA ELEMENTS--GENERAL INFORMATION | |
| Πεδίο ελέγχου σταθερού μήκους | 250528s ||||||||||||||||||||||||d |
| 035 ## - SYSTEM CONTROL NUMBER | |
| System control number | 18301 |
| 020 ## - ISBN | |
| ISBN | 131276190 |
| 040 ## - ΠΗΓΗ ΚΑΤΑΛΟΓΟΓΡΑΦΗΣΗΣ | |
| Φορέας πρωτότυπης καταλογογράφησης | MC Athens Campus Library |
| Γλώσσα καταλογογράφησης | Ελληνικά, Μοντέρνα (1453-) |
| Modifying agency | MC Athens Campus Library |
| Κανόνες περιγραφικής καταλογογράφησης | AACR2 |
| 245 1# - ΤΙΤΛΟΣ ΚΑΙ ΔΗΛΩΣΗ ΥΠΕΥΘΥΝΟΤΗΤΑΣ | |
| Τίτλος | Introduction to Materials Science for Engineers / Sixth Edition |
| 260 ## - PUBLICATION, DISTRIBUTION, ETC. | |
| Name of publisher, distributor, etc. | Pearson Education Limited, |
| Date of publication, distribution, etc. | 2005 |
| 300 ## - PHYSICAL DESCRIPTION | |
| Extent | 882 |
| 520 ## - SUMMARY, ETC. | |
| Summary, etc. | Preface, Materials for Engineering, The Fundamentals, Atomic Bonding, Crystalline Structure - Perfection, Crystal Defects and Noncrystalline Structure - Imperfection, Diffusion, Mechanical Behavior, Thermal Behavior, Failure Analysis and Prevention, Phase Diagrams - Equilibrium Microstructural Development, Kinetics - Heat Treatment, The Structural Materials, Metals, Ceramics and Glasses, Polymers, Composites, The Electronic and Optical and Magnetic Materials, Electrical Behavior, Optical Behavior, Semiconductor Materials, Magnetic Materials, Materials in Engineering Design, Environmental Degradation, Materials Selection, Appendices, Index. |
| 700 1# - ΠΡΟΣΘΕΤΗ ΑΝΑΓΡΑΦΗ--ΦΥΣΙΚΟ ΠΡΟΣΩΠΟ | |
| Personal name | Shackelford James F |
| 9 (RLIN) | 4578 |
| 942 ## - ADDED ENTRY ELEMENTS (KOHA) | |
| Koha item type | Books |
| Τύπος τεκμηρίου | Βιβλιοθήκη | Τρέχουσα τοποθεσία | Barcode | Αριθμός εισαγωγής | Ημερομηνία απόκτησης | Ταξιθετικό σύμβολο | Αριθμός αντιτύπου | Κατάσταση απόσυρσης | Κατάσταση χαμένου | Κατάσταση κατεστραμμένου | Μη δανεισμός | Σύνολο δανεισμών | Ημερομηνία τελευταίας εμφάνισης | Η τιμή ισχύει από |
|---|---|---|---|---|---|---|---|---|---|---|---|---|---|---|
| Books | MC Athens Campus Library | MC Athens Campus Library | 9780000036667 | 2890 | 05/06/2025 | 620.1/1 SHA | 1 | 05/06/2025 | 05/06/2025 |